[Event "SWE-chT 0506"]
[Site "Sweden"]
[Date "2005.??.??"]
[Round "4"]
[White "Marklund, Niklas"]
[Black "Bator, Robert"]
[Result "0-1"]
[WhiteElo "2270"]
[BlackElo "2475"]
[PlyCount "104"]
[EventDate "2005.10.??"]
[EventType "team"]
[EventRounds "11"]
[EventCountry "SWE"]
[SourceTitle "EXT 2008"]
[Source "ChessBase"]
[SourceDate "2007.11.25"]
[SourceVersion "1"]
[SourceVersionDate "2007.11.25"]
[SourceQuality "1"]
[WhiteTeam "Lulea"]
[BlackTeam "Stockholm Rockaden"]
[WhiteTeamCountry "SWE"]
[BlackTeamCountry "SWE"]

1. d4 d5 2. c4 c6 3. Nf3 Nf6 4. Nc3 a6 5. Qb3 e6 6. c5 Nbd7 7. Bf4 Nh5 8. Bd2 e5 9. e3 e4 10. Ng1 Be7 11. f3 exf3 12. Nxf3 0-0 13. Bd3 Bh4+ 14. g3 Be7 15. g4 Nhf6 16. g5 Nh5 17. Rg1 g6 18. 0-0-0 Rb8 19. Na4 b5 20. Nc3 a5 21. Ne2 b4 22. Ng3 Nxg3 23. Rxg3 Qc7 24. Rg2 Qa7 25. Qa4 Qa8 26. h4 Ba6 27. Bxa6 Qxa6 28. h5 Qc4+ 29. Kb1 Nxc5 30. dxc5 Qe4+ 31. Ka1 Qxf3 32. Rgg1 Rb5 33. Qc2 Rxc5 34. Qd3 Qe4 35. Qe2 Rc2 36. Rg4 Qe5 37. Rd4 Bxg5 38. Qd3 Rxd2 39. Rxd2 Bxe3 40. Rh4 Bxd2 41. Qxd2 Re8 42. Rh1 Qe4 43. Qc1 d4 44. b3 Qe3 45. Qf1 Qc3+ 46. Kb1 d3 47. hxg6 hxg6 48. Qh3 Re1+ 49. Rxe1 Qxe1+ 50. Kb2 Qc3+ 51. Kb1 Qc2+ 52. Ka1 Qc1# 0-1

[Event "SWE-chT 0506"]
[Site "Sweden"]
[Date "2005.??.??"]
[Round "1"]
[White "Marklund, Niklas"]
[Black "Semcesen, Daniel"]
[Result "1/2-1/2"]
[WhiteElo "2270"]
[BlackElo "2310"]
[PlyCount "27"]
[EventDate "2005.10.??"]
[EventType "team"]
[EventRounds "11"]
[EventCountry "SWE"]
[SourceTitle "EXT 2008"]
[Source "ChessBase"]
[SourceDate "2007.11.25"]
[SourceVersion "1"]
[SourceVersionDate "2007.11.25"]
[SourceQuality "1"]
[WhiteTeam "Lulea"]
[BlackTeam "Lund"]
[WhiteTeamCountry "SWE"]
[BlackTeamCountry "SWE"]

1. d4 d5 2. c4 c6 3. Nf3 Nf6 4. Nc3 a6 5. Qb3 b5 6. cxd5 cxd5 7. Bg5 e6 8. e3 Be7 9. Bd3 Nc6 10. Rc1 Bb7 11. 0-0 0-0 12. Rfd1 Rc8 13. a3 Re8 14. Qa2 1/2-1/2

[Event "SWE-chT 0506"]
[Site "Sweden"]
[Date "2005.??.??"]
[Round "2"]
[White "Marklund, Niklas"]
[Black "Ziegler, Ari"]
[Result "1-0"]
[WhiteElo "2270"]
[BlackElo "2375"]
[PlyCount "65"]
[EventDate "2005.10.??"]
[EventType "team"]
[EventRounds "11"]
[EventCountry "SWE"]
[SourceTitle "EXT 2008"]
[Source "ChessBase"]
[SourceDate "2007.11.25"]
[SourceVersion "1"]
[SourceVersionDate "2007.11.25"]
[SourceQuality "1"]
[WhiteTeam "Lulea"]
[BlackTeam "Skara"]
[WhiteTeamCountry "SWE"]
[BlackTeamCountry "SWE"]

1. d4 Nf6 2. c4 c5 3. d5 e6 4. Nc3 exd5 5. cxd5 d6 6. e4 g6 7. f4 Bg7 8. Bb5+ Nfd7 9. a4 0-0 10. Nf3 Na6 11. 0-0 Nc7 12. Bc4 a6 13. Qd3 Rb8 14. Re1 Re8 15. h3 Nb6 16. Bb3 Nd7 17. Bc4 Nb6 18. Bb3 Bd7 19. e5 Bf5 20. Qf1 dxe5 21. fxe5 Nbxd5 22. Bxd5 Nxd5 23. Rd1 Be6 24. Bg5 Qd7 25. Rxd5 Bxd5 26. Rd1 h6 27. Nxd5 Qxa4 28. Nf6+ Bxf6 29. Bxf6 Rbc8 30. Nh2 Rc7 31. Ng4 Rd7 32. Rxd7 Qxd7 33. Qc1 1-0

[Event "Skelleftea Solett op"]
[Site "Skelleftea"]
[Date "2001.04.11"]
[Round "3"]
[White "Hermansson, Emil"]
[Black "Marklund, Niklas"]
[Result "1/2-1/2"]
[WhiteElo "2400"]
[BlackElo "2171"]
[PlyCount "179"]
[EventDate "2001.04.10"]
[EventType "swiss"]
[EventRounds "9"]
[EventCountry "SWE"]
[SourceTitle "CBM 081 Extra"]
[Source "ChessBase"]
[SourceDate "2001.05.06"]
[SourceVersion "1"]
[SourceVersionDate "2001.05.06"]
[SourceQuality "1"]

1. e4 c5 2. Nf3 d6 3. d4 cxd4 4. Nxd4 Nf6 5. Nc3 g6 6. Be3 Bg7 7. f3 Nc6 8. Qd2 Bd7 9. Bc4 h5 10. 0-0-0 Rc8 11. Bb3 Ne5 12. Bg5 Nc4 13. Qe2 Nxb2 14. Kxb2 Rxc3 15. Kxc3 Qa5+ 16. Kb2 Qxg5 17. g3 Qa5 18. Qd2 Qc5 19. Qc3 0-0 20. Rd3 Rc8 21. Qd2 b5 22. Re1 b4 23. c3 Nd5 24. c4 Nb6 25. Ra1 Ba4 26. Rc1 a5 27. Kb1 Bd7 28. Nc2 Be6 29. Ne3 a4 30. Nd5 Bxd5 31. cxd5 Qxc1+ 32. Qxc1 Rxc1+ 33. Kxc1 axb3 34. Rxb3 Bc3 35. a3 Nd7 36. Kc2 Ne5 37. axb4 Bd4 38. f4 Ng4 39. b5 Bb6 40. Rc3 Nf6 41. Rc6 Nd7 42. e5 Bc5 43. Rc7 Nb6 44. Rxe7 Nxd5 45. Re8+ Kg7 46. exd6 Bxd6 47. Rd8 Ne3+ 48. Kd3 Bc5 49. Re8 Ng4 50. Kc4 Bg1 51. Re2 h4 52. gxh4 Ne3+ 53. Kb3 Nf5 54. Rg2 Be3 55. h5 Kf6 56. hxg6 fxg6 57. Kb4 Ne7 58. Ka5 Nd5 59. Rc2 Bb6+ 60. Ka6 Be3 61. Kb7 Kf5 62. Rc4 Nxf4 63. Kc6 Nd3 64. Rc3 Ne5+ 65. Kc7 Bf4 66. b6 Nc4+ 67. Kc6 Na5+ 68. Kb5 Nb7 69. h3 Nd6+ 70. Kc6 Nc8 71. b7 Ne7+ 72. Kd7 Ng8 73. Rf3 Nf6+ 74. Kc6 Ke4 75. Rxf4+ Kxf4 76. b8Q+ Kf5 77. Qb5+ Ke6 78. Qb3+ Kf5 79. Qd3+ Ke6 80. Qxg6 Ke5 81. Qg7 Kf5 82. h4 Nh5 83. Qg5+ Ke4 84. Qxh5 Kd4 85. Qf5 Ke3 86. h5 Kd4 87. Qf4+ Kd3 88. Kd5 Ke2 89. Kd4 Ke1 90. Kd3 1/2-1/2

[Event "Skelleftea Solett op"]
[Site "Skelleftea"]
[Date "2001.04.10"]
[Round "1"]
[White "Marklund, Niklas"]
[Black "Sax, Gyula"]
[Result "0-1"]
[WhiteElo "2171"]
[BlackElo "2563"]
[PlyCount "56"]
[EventDate "2001.04.10"]
[EventType "swiss"]
[EventRounds "9"]
[EventCountry "SWE"]
[SourceTitle "CBM 081 Extra"]
[Source "ChessBase"]
[SourceDate "2001.05.06"]
[SourceVersion "1"]
[SourceVersionDate "2001.05.06"]
[SourceQuality "1"]

1. d4 Nf6 2. c4 e6 3. Nc3 Bb4 4. Qc2 d5 5. cxd5 Qxd5 6. Nf3 Nc6 7. Bd2 Bxc3 8. Bxc3 Ne4 9. e3 e5 10. Nxe5 Nxe5 11. dxe5 Nxc3 12. Qxc3 0-0 13. b3 Bd7 14. Rd1 Qc6 15. Qd4 Be6 16. f3 g6 17. Kf2 Rad8 18. Qxd8 Rxd8 19. Rxd8+ Kg7 20. Bc4 Bxc4 21. Rc1 Qa6 22. Rxc4 Qxa2+ 23. Kg3 Qxb3 24. Rxc7 Qxe3 25. Re8 g5 26. Ree7 Qe1+ 27. Kg4 Qh4+ 28. Kf5 Qf4# 0-1

[Event "Gothenburg op"]
[Site "Gothenburg"]
[Date "2001.??.??"]
[Round "4"]
[White "Berg, Klaus"]
[Black "Marklund, Niklas"]
[Result "1-0"]
[WhiteElo "2418"]
[BlackElo "2171"]
[PlyCount "81"]
[EventDate "2001.??.??"]
[EventType "swiss"]
[EventRounds "9"]
[EventCountry "SWE"]
[SourceTitle "EXT 2002"]
[Source "ChessBase"]
[SourceDate "2001.11.25"]
[SourceVersion "1"]
[SourceVersionDate "2001.11.25"]
[SourceQuality "1"]

1. d4 Nf6 2. Bg5 Ne4 3. Bf4 d5 4. e3 c5 5. Bd3 Qb6 6. Bxe4 dxe4 7. Nc3 e6 8. Nge2 f5 9. 0-0 Nd7 10. Qd2 Be7 11. Rfd1 0-0 12. d5 Nf6 13. Na4 Qa6 14. d6 Rd8 15. Nxc5 Qc6 16. Nxe6 Bxe6 17. Nd4 Qd7 18. dxe7 Qxe7 19. Qa5 Rd5 20. Qc7 Qxc7 21. Bxc7 Bd7 22. Rd2 Rc8 23. Bg3 Kf7 24. a4 g5 25. b3 Nh5 26. c4 Ra5 27. Bd6 Ra6 28. Nb5 Bxb5 29. cxb5 Rb6 30. Bb4 Nf6 31. h3 Re6 32. Rad1 Ree8 33. Rd6 f4 34. b6 a6 35. R6d4 Rc6 36. a5 Rec8 37. Bd6 fxe3 38. fxe3 Ke6 39. Bc7 Rc3 40. Rd6+ Ke7 41. Bd8+ 1-0

[Event "Skelleftea op"]
[Site "Skelleftea"]
[Date "2000.??.??"]
[Round "4"]
[White "Hermansson, Emil"]
[Black "Marklund, Niklas"]
[Result "1/2-1/2"]
[WhiteElo "2282"]
[BlackElo "2192"]
[PlyCount "133"]
[EventDate "2000.??.??"]
[EventType "swiss"]
[EventRounds "9"]
[EventCountry "SWE"]
[SourceTitle "EXT 2001"]
[Source "ChessBase"]
[SourceDate "2000.11.22"]
[SourceVersion "1"]
[SourceVersionDate "2000.11.22"]
[SourceQuality "1"]

1. e4 c5 2. Nf3 d6 3. d4 cxd4 4. Nxd4 Nf6 5. Nc3 a6 6. Be2 e5 7. Nb3 Be7 8. 0-0 0-0 9. Kh1 b6 10. Bg5 Nbd7 11. Nd5 Nxd5 12. Qxd5 Rb8 13. Bxe7 Qxe7 14. Rad1 Nf6 15. Qxd6 Qxd6 16. Rxd6 Nxe4 17. Rd5 f6 18. f3 Ng5 19. Rd6 Nf7 20. Bc4 Bf5 21. f4 Rbc8 22. Bxf7+ Rxf7 23. fxe5 fxe5 24. c3 Rb8 25. Kg1 a5 26. Re1 a4 27. Nd2 Rf6 28. Rd5 Be6 29. Rdxe5 Bxa2 30. Ra1 Bb3 31. Nxb3 axb3 32. g3 Rd8 33. Re2 Rdd6 34. Ra3 Kf7 35. Rxb3 Kg6 36. Rb5 h6 37. Kg2 Rc6 38. h4 Rf5 39. Ree5 Rxe5 40. Rxe5 Kf6 41. Rb5 g6 42. Kf3 Rd6 43. Ke4 Ke6 44. Re5+ Kf6 45. Rd5 Rc6 46. Kd4 Ke6 47. c4 Rc8 48. b3 Rf8 49. Ke4 Rc8 50. Rb5 Rc6 51. Re5+ Kd6 52. g4 Rc8 53. h5 Rg8 54. Rd5+ Kc6 55. Kf4 Rf8+ 56. Kg3 gxh5 57. Rxh5 Rf6 58. Kh4 Kd6 59. Rd5+ Ke7 60. Kh5 Rc6 61. Re5+ Kd7 62. Re1 Rf6 63. Rd1+ Ke7 64. Rd5 Rc6 65. Rb5 Kd7 66. Re5 Kd8 67. Kh4 1/2-1/2